| 000 | 00785nam a2200157 a 4500 | ||
|---|---|---|---|
| 008 | 120416s1968 ||||||||||||||||| || u | ||
| 050 | _aHA 29 Yeo | ||
| 100 | _aYeomans, K. A | ||
| 245 | 1 | 0 | _aStatistics for social scientist |
| 246 | _aintroducing statistics | ||
| 260 |
_aHarmondsworth _bPenguin _c1968 |
||
| 350 | _a0.00 | ||
| 995 |
_aANNEX COLLECTION (Main Library) _D0.00 _e000260 _FCBU-MAIN LIBRARY (Kitwe) _H1 _I0.00 _jHA 29 Yeo _UAVAILABLE _y000260 _ZAnnex Low-Usage Collection |
||
| 995 |
_aANNEX COLLECTION (Main Library) _D0.00 _e000259 _FCBU-MAIN LIBRARY (Kitwe) _H3 _I0.00 _jHA 29 Yeo _UAVAILABLE _y000259 _ZAnnex Low-Usage Collection |
||
| 995 |
_aANNEX COLLECTION (Main Library) _D0.00 _e000258 _FCBU-MAIN LIBRARY (Kitwe) _H2 _I0.00 _jHA 29 Yeo _UAVAILABLE _y000258 _ZAnnex Low-Usage Collection |
||
| 999 |
_c76807 _d76807 |
||